<?xml version="1.0" encoding="UTF-8"?><?xml-stylesheet type="text/xsl" href="static/style.xsl"?><OAI-PMH xmlns="http://www.openarchives.org/OAI/2.0/" xmlns:xsi="http://www.w3.org/2001/XMLSchema-instance" xsi:schemaLocation="http://www.openarchives.org/OAI/2.0/ http://www.openarchives.org/OAI/2.0/OAI-PMH.xsd"><responseDate>2026-04-17T11:55:29Z</responseDate><request verb="GetRecord" identifier="oai:www.recercat.cat:10230/22857" metadataPrefix="marc">https://recercat.cat/oai/request</request><GetRecord><record><header><identifier>oai:recercat.cat:10230/22857</identifier><datestamp>2025-12-21T01:48:15Z</datestamp><setSpec>com_2072_6</setSpec><setSpec>col_2072_452953</setSpec></header><metadata><record xmlns="http://www.loc.gov/MARC21/slim" xmlns:dcterms="http://purl.org/dc/terms/" xmlns:xsi="http://www.w3.org/2001/XMLSchema-instance" xmlns:doc="http://www.lyncode.com/xoai" xsi:schemaLocation="http://www.loc.gov/MARC21/slim http://www.loc.gov/standards/marcxml/schema/MARC21slim.xsd">
   <leader>00925njm 22002777a 4500</leader>
   <datafield ind2=" " ind1=" " tag="042">
      <subfield code="a">dc</subfield>
   </datafield>
   <datafield ind2=" " ind1=" " tag="720">
      <subfield code="a">Pérez, Lluís (Pérez Lozano)</subfield>
      <subfield code="e">author</subfield>
   </datafield>
   <datafield ind2=" " ind1=" " tag="260">
      <subfield code="c">2014-12-01T08:51:25Z</subfield>
   </datafield>
   <datafield ind2=" " ind1=" " tag="260">
      <subfield code="c">2014-12-01T08:51:25Z</subfield>
   </datafield>
   <datafield ind2=" " ind1=" " tag="260">
      <subfield code="c">2014-12-01</subfield>
   </datafield>
   <datafield ind2=" " ind1=" " tag="520">
      <subfield code="a">Despite the fact of dealing with the same object (the state, and specially the democratic state) from two different focus of interest, little effort has been devoted to analyze the normative relationship between democratic republicanism and current theories of right of secession (TRS): whether (and where) they are mutually reinforcing, contradictory, independent or in tension. This gap is part of another major gap: the lack of a democratic republican theory of secession. This article tries to fill the first gap as a first step to further fill the second one. In doing this, it shows (1) how current TRS can point out democratic republicanism as having missed to handle the dangers that secession conflicts imply in terms of exclusion, domination (either by blackmailing minorities or permanent majorities), and instability; and (2) how democratic republicanism can point out all current TRS as falling in some of these dangers. Hence, to explore how to reconcile democratic republicanism with the field of TRS appears as a relevant task to be developed; in this sense, the article also shows that we have reasons to think that we can work on an alternative democratic republican TRS as a feasible way to reach such reconciliation.</subfield>
   </datafield>
   <datafield tag="653" ind2=" " ind1=" ">
      <subfield code="a">Separatisme</subfield>
   </datafield>
   <datafield tag="653" ind2=" " ind1=" ">
      <subfield code="a">Democràcia</subfield>
   </datafield>
   <datafield tag="653" ind2=" " ind1=" ">
      <subfield code="a">Nacionalisme</subfield>
   </datafield>
   <datafield tag="653" ind2=" " ind1=" ">
      <subfield code="a">Republicanisme</subfield>
   </datafield>
   <datafield tag="653" ind2=" " ind1=" ">
      <subfield code="a">Minories</subfield>
   </datafield>
   <datafield tag="653" ind2=" " ind1=" ">
      <subfield code="a">Plebiscit</subfield>
   </datafield>
   <datafield ind2="0" ind1="0" tag="245">
      <subfield code="a">The Republic and its boundaries. Democratic republicanism and theories of right of secession</subfield>
   </datafield>
</record></metadata></record></GetRecord></OAI-PMH>